El desafío ecológico /

Ensayo sobre la destrucción del equilibrio ecológico y la degradación de la biosfera (descripcion de los distintos tipos de contaminación) y sobre la necesidd y las alternativas para hacer frente a esa destrucción.

Gespeichert in:
Bibliographische Detailangaben
1. Verfasser: Ander-Egg, Ezequiel (autor)
Format: Buch
Sprache:Spanisch
Veröffentlicht: San José, Costa Rica : Universidad Estatal a Distancia, 1985, c1985
Schlagworte:
Tags: Tag hinzufügen
Keine Tags, Fügen Sie das erste Tag hinzu!

MARC

LEADER 00000nam^a2200000^a^4500
001 000389149
005 20250521000000.0
009 20260310121114.022
020 |a 9977-64-162-5 
037 |a Acervo ITESO - Biblioteca 
041 |a ESP 
082 |a 574. 5  |b AND 
100 |a Ander-Egg, Ezequiel  |e (autor) 
240 1 4 |a [El mundo en que vivimos] 
245 1 3 |a El desafío ecológico /  |c E. Ander-Egg ; pról. de Alexander Bonilla Durán ; presen. de Estrella Guier Serrano. 
264 4 |a San José, Costa Rica :  |b Universidad Estatal a Distancia,  |c 1985, c1985 
300 |a 185 p. 
336 |a texto  |b txt  |2 rdacontenido 
337 |a sin mediación  |b n  |2 rdamedio 
338 |a volumen  |b nc  |2 rdasoporte 
520 |a Ensayo sobre la destrucción del equilibrio ecológico y la degradación de la biosfera (descripcion de los distintos tipos de contaminación) y sobre la necesidd y las alternativas para hacer frente a esa destrucción. 
649 |a XX 
650 |a Agua -  |x Contaminación 
650 |a Aire -  |x Contaminación 
650 |a Ruido y Contaminación Auditiva 
650 |a Contaminación Ambiental 
650 |a Contaminación Radiactiva 
650 |a Desertización 
650 |a Reforestación 
650 |a Energía Solar 
650 |a Energía Eólica 
650 |a Energía Geotérmica 
650 |a Recursos Energéticos Renovables 
650 |a Política Ambiental 
650 |a Ecología 
650 |a Ciencias Ambientales 
910 |a Fondo Carlos Núñez Hurtado 
920 |a Impresos - Libros 
930 |a Fondos Especiales 
905 |a 117 
901 |a 0500283617  |b IT2  |c ESP  |i D80342  |u 20250521 
902 |a https://opac.biblio.iteso.mx/vufind/Record/000389149